| 000 | 01021nac a22002897a 4500 | ||
|---|---|---|---|
| 001 | BR9603954 | ||
| 003 | BR-BrBNA | ||
| 005 | 20240105121800.0 | ||
| 008 | 230509b bl.|||m| |||| 00| 0 por d | ||
| 040 |
_aBR-BrBNA _bpor _cBiblioteca Nacional de Agricultura |
||
| 072 | _aF06; N20 | ||
| 090 | _aF06 BR9603954 | ||
| 100 | 1 | _aDeniculi, W. | |
| 100 | 1 | _aItaborahy, C.R. | |
| 100 | 1 | _aRamos, M.M. | |
| 100 | 1 | _aLoureiro, B.T. | |
| 110 | 1 |
_aAssociacao dos Engenheiros Agricolas de Minas Gerais, Vicosa (Brasil) _9584 |
|
| 245 | 1 | _aSimulacao da uniformidade de aplicacao de agua em sistemas de irrigacao por aspersao, com deslocamento continuo, equipados com tubos de descida flexiveis | |
| 260 | 3 |
_aVicosa, MG (Brasil): _c1993. |
|
| 300 | _a17 p. | ||
| 490 |
_aEngenharia na Agricultura. Serie Irrigacao e Drenagem (Brazil) _vv. 2(25) _x |
||
| 500 | _aSummaries (En, Pt) | ||
| 650 | _aIrrigacao por Aspersao | ||
| 650 | _aAspersor | ||
| 909 |
_a202312 _bLúcia Elande _c55 _dLúcia Elande |
||
| 942 |
_2AGRIS _n0 _cMS |
||
| 999 |
_c287415 _d287415 |
||